[Event "DEM U14w 2005"]
[Site "Willingen GER"]
[Date "2005.05.17"]
[Round "4"]
[White "Backer, Julia"]
[Black "Knof, Henrike"]
[Result "1-0"]
[Termination "normal"]
[Board "10"]
[WhiteElo "1533"]
[BlackElo "1068"]
[PlyCount "83"]
[EventCountry "GER"]
[EventRounds "9"]
[EventType "swiss"]
[EventDate "2005.05.15"]

1. e4 e5 2. Nf3 Nc6 3. Bb5 Bc5 4. O-O Nf6 5. Nxe5 Nxe4 6. Qe2 Nxe5 7. Qxe4 Bd6
8. d4 Qe7 9. dxe5 Bxe5 10. Re1 f6 11. Nc3 c6 12. Bd3 d5 13. Qe2 Bd7 14. f4 Bd6
15. Qxe7+ Bxe7 16. Bd2 h6 17. Nxd5 cxd5 18. Bb4 O-O-O 19. Bxe7 Rde8 20. Bc5 f5
21. Rxe8+ Rxe8 22. Bxa7 Kc7 23. Bf2 g5 24. fxg5 hxg5 25. Re1 Ra8 26. a3 f4 27.
Re5 g4 28. Rxd5 Rg8 29. Kf1 Rh8 30. Rd4 Rxh2 31. Rxf4 Rh1+ 32. Bg1 Rh8 33. Kf2
Rg8 34. Kg3 Re8 35. Bf5 Bxf5 36. Rxf5 Re2 37. Rc5+ Kd6 38. Rc4 Kd5 39. Rxg4
Rxc2 40. Bd4 Rd2 41. Bc3 Rd3+ 42. Kh4 1-0

[Event "DEM U14w 2005"]
[Site "Willingen GER"]
[Date "2005.05.17"]
[Round "4"]
[White "Häcker, Katrin"]
[Black "Bakalarz, Janet"]
[Result "0-1"]
[Termination "normal"]
[Board "11"]
[WhiteElo "1388"]
[BlackElo "1399"]
[PlyCount "58"]
[WhiteFideId "24667986"]
[EventCountry "GER"]
[EventRounds "9"]
[EventType "swiss"]
[EventDate "2005.05.15"]

1. e4 c5 2. Nf3 Nc6 3. d4 cxd4 4. Nxd4 Nf6 5. Nc3 e6 6. Ndb5 Bb4 7. a3 Bxc3+ 8.
Nxc3 d5 9. Bg5 d4 10. Ne2 Qa5+ 11. Bd2 Qe5 12. f3 d3 13. Nc3 dxc2 14. Qxc2 Nd4
15. Qd1 O-O 16. Bc4 b5 17. Bd3 Rd8 18. O-O a5 19. f4 Qh5 20. e5 Qxd1 21. Raxd1
Nb3 22. Rf3 Bb7 23. Rg3 Nh5 24. Rh3 Nxd2 25. Rxd2 Nxf4 26. Bxh7+ Kh8 27. Be4+
Nxh3+ 28. gxh3 Rxd2 29. Bxb7 Rb8 0-1

[Event "DEM U14w 2005"]
[Site "Willingen GER"]
[Date "2005.05.17"]
[Round "4"]
[White "Schultheiß, Vera"]
[Black "Müller, Anna-Louise"]
[Result "1/2-1/2"]
[Termination "normal"]
[Board "12"]
[WhiteElo "1115"]
[BlackElo "1381"]
[PlyCount "85"]
[BlackFideId "4633512"]
[EventCountry "GER"]
[EventRounds "9"]
[EventType "swiss"]
[EventDate "2005.05.15"]

1. e4 c5 2. Nc3 d6 3. g3 g6 4. Bg2 Bg7 5. d3 Nc6 6. f4 e6 7. Nf3 Nge7 8. O-O
O-O 9. Be3 Rb8 10. d4 cxd4 11. Bxd4 Nxd4 12. Nxd4 Qb6 13. e5 dxe5 14. fxe5 Bxe5
15. Nce2 Rd8 16. c3 Nf5 17. Qb3 Bxd4+ 18. Nxd4 Nxd4 19. Qxb6 axb6 20. cxd4 Rxd4
21. Rf2 Bd7 22. Raf1 Bb5 23. Rc1 Ba6 24. Rc7 Rd1+ 25. Bf1 Bxf1 26. Rxf1 Rxf1+
27. Kxf1 Kf8 28. Ke2 Ke8 29. Ke3 Kf8 30. Kf4 Kg7 31. Ke5 h6 32. a3 g5 33. g4
Kg6 34. Rd7 Re8 35. Rd6 f6+ 36. Ke4 h5 37. h3 hxg4 38. hxg4 Re7 39. Rxb6 Kf7
40. b3 Ke8 41. Rd6 Kf7 42. a4 Ke8 43. a5 1/2-1/2

[Event "DEM U14w 2005"]
[Site "Willingen GER"]
[Date "2005.05.17"]
[Round "4"]
[White "Kinzel, Tiffany"]
[Black "Stein, Simone"]
[Result "1-0"]
[Termination "normal"]
[Board "13"]
[WhiteElo "1265"]
[BlackElo "1136"]
[PlyCount "53"]
[WhiteFideId "4633741"]
[BlackFideId "24692875"]
[EventCountry "GER"]
[EventRounds "9"]
[EventType "swiss"]
[EventDate "2005.05.15"]

1. e4 c5 2. Nc3 d6 3. f4 Nc6 4. Nf3 Bg4 5. g3 g6 6. Bg2 Bg7 7. h3 Bd7 8. d3 Nd4
9. Be3 Nxf3+ 10. Bxf3 Bc6 11. O-O b6 12. Qd2 Qd7 13. Bg2 e6 14. Nd1 Ne7 15. c3
e5 16. fxe5 Bxe5 17. Bf4 Bxf4 18. Qxf4 O-O 19. Ne3 d5 20. Ng4 Qe6 21. Nf6+ Kg7
22. g4 dxe4 23. dxe4 Bb5 24. Rf2 Nc6 25. g5 Qe5 26. Qh4 Rh8 27. Qh6# 1-0

[Event "DEM U14w 2005"]
[Site "Willingen GER"]
[Date "2005.05.17"]
[Round "5"]
[White "Hannes, Diana"]
[Black "Winkelmann, Elena"]
[Result "0-1"]
[Termination "normal"]
[Board "1"]
[WhiteElo "1922"]
[BlackElo "2031"]
[PlyCount "58"]
[WhiteFideId "24611344"]
[BlackFideId "24607630"]
[EventCountry "GER"]
[EventRounds "9"]
[EventType "swiss"]
[EventDate "2005.05.15"]

1. e4 c5 2. Nf3 e6 3. d4 cxd4 4. Nxd4 Bc5 5. Nb3 Bb6 6. Nc3 Ne7 7. Bf4 O-O 8.
Bd3 f5 9. Bd6 Bxf2+ 10. Kxf2 fxe4+ 11. Ke2 exd3+ 12. Qxd3 b6 13. Nb5 Ba6 14. c4
Bxb5 15. cxb5 a6 16. a4 Qe8 17. Qe4 Ra7 18. Nd4 Qh5+ 19. Kd3 Re8 20. Rac1 Nd5
21. Rhf1 Nf6 22. Qe2 Qg6+ 23. Kc4 axb5+ 24. Kxb5 Qg5+ 25. Kb4 Qa5+ 26. Kb3
Qxa4+ 27. Kc3 e5 28. Nf5 Ne4+ 29. Kd3 Nxd6 0-1

[Event "DEM U14w 2005"]
[Site "Willingen GER"]
[Date "2005.05.17"]
[Round "5"]
[White "Frey, Alisa"]
[Black "Remy, Janina"]
[Result "0-1"]
[Termination "normal"]
[Board "2"]
[WhiteElo "1495"]
[BlackElo "1720"]
[PlyCount "48"]
[WhiteFideId "24634662"]
[BlackFideId "24627348"]
[EventCountry "GER"]
[EventRounds "9"]
[EventType "swiss"]
[EventDate "2005.05.15"]

1. e4 c6 2. d4 d5 3. Nc3 dxe4 4. Nxe4 Nd7 5. Bc4 Ngf6 6. Ng5 e6 7. Bd2 Nb6 8.
Ba5 h6 9. N5f3 c5 10. Bb5+ Bd7 11. Be2 Qc7 12. Bd2 Bc6 13. dxc5 Bxc5 14. Bd3 e5
15. b4 Be7 16. Bf1 Rd8 17. Qe2 e4 18. Nh4 Qe5 19. Rb1 g5 20. f4 Qd5 21. c4 Nxc4
22. Bc3 Na3 23. Bxf6 Bxf6 24. Rb3 Bb5 0-1

[Event "DEM U14w 2005"]
[Site "Willingen GER"]
[Date "2005.05.17"]
[Round "5"]
[White "Zier, Verena"]
[Black "Karmann, Anna"]
[Result "1/2-1/2"]
[Termination "normal"]
[Board "3"]
[WhiteElo "1844"]
[BlackElo "1639"]
[PlyCount "97"]
[WhiteFideId "24620602"]
[BlackFideId "24648000"]
[EventCountry "GER"]
[EventRounds "9"]
[EventType "swiss"]
[EventDate "2005.05.15"]

1. d4 d5 2. c4 e6 3. Nc3 c5 4. cxd5 exd5 5. Nf3 Nc6 6. e3 c4 7. Be2 Bb4 8. O-O
Nge7 9. Nd2 O-O 10. Bf3 Bf5 11. a3 Ba5 12. Re1 Bd3 13. Nf1 a6 14. Bd2 b5 15.
Ne2 Bc7 16. Nfg3 Re8 17. Nc1 Bg6 18. Bh5 Qd6 19. Na2 a5 20. Nc3 Rab8 21. Bxg6
Qxg6 22. Qb1 Qd6 23. Qc2 b4 24. Nce2 h5 25. axb4 h4 26. Nf1 Nxb4 27. Bxb4 Rxb4
28. Ra4 Reb8 29. Rb1 Nc6 30. Raa1 R4b7 31. Nc1 Qf6 32. b3 Nb4 33. Qc3 cxb3 34.
Rxb3 Qg6 35. Rab1 h3 36. Ng3 hxg2 37. Kxg2 Bd6 38. Qa1 Bc7 39. Qc3 Bd6 40. Qa1
Rb5 41. Qa4 Qc2 42. Qa1 Qg6 43. Qa4 f5 44. Na2 Bxg3 45. hxg3 f4 46. Nc3 fxg3
47. fxg3 Qc2+ 48. Kh3 Qf5+ 49. Kg2 1/2-1/2

[Event "DEM U14w 2005"]
[Site "Willingen GER"]
[Date "2005.05.17"]
[Round "5"]
[White "Mijatovic, Andrea"]
[Black "Lorenz, Nicole"]
[Result "0-1"]
[Termination "normal"]
[Board "4"]
[WhiteElo "1551"]
[BlackElo "1761"]
[PlyCount "86"]
[WhiteFideId "14514524"]
[BlackFideId "24623709"]
[EventCountry "GER"]
[EventRounds "9"]
[EventType "swiss"]
[EventDate "2005.05.15"]

1. e4 d5 2. exd5 Qxd5 3. Nc3 Qa5 4. d4 c6 5. Bd3 Nf6 6. Nge2 Bg4 7. f3 Bh5 8.
O-O e6 9. Bd2 Qc7 10. Qc1 Bg6 11. Bxg6 hxg6 12. Bf4 Bd6 13. Bxd6 Qxd6 14. Qf4
Qxf4 15. Nxf4 Nbd7 16. Ne4 Ke7 17. c4 Rh4 18. g3 Rh6 19. Nxf6 Nxf6 20. Rfe1 g5
21. Nd3 Rd8 22. Rad1 Rxd4 23. b3 Rh8 24. Nc5 Rxd1 25. Rxd1 b6 26. Na6 Rd8 27.
Rxd8 Kxd8 28. Nb4 Kc7 29. Nd3 Kd6 30. Kf1 g4 31. f4 Ne4 32. Ne5 f5 33. Ke1 g5
34. Nf7+ Ke7 35. Nxg5 Nxg5 36. fxg5 Kf7 37. Ke2 Kg6 38. Kd3 Kxg5 39. Kd4 Kf6
40. b4 e5+ 41. Kd3 Ke6 42. a3 b5 43. Kc3 f4 0-1

[Event "DEM U14w 2005"]
[Site "Willingen GER"]
[Date "2005.05.17"]
[Round "5"]
[White "Döring, Julia"]
[Black "Smolkina, Milana"]
[Result "1/2-1/2"]
[Termination "normal"]
[Board "5"]
[WhiteElo "1454"]
[BlackElo "1709"]
[PlyCount "115"]
[BlackFideId "24618780"]
[EventCountry "GER"]
[EventRounds "9"]
[EventType "swiss"]
[EventDate "2005.05.15"]

1. e4 c5 2. Nf3 Nc6 3. d4 cxd4 4. Nxd4 g6 5. Be3 Bg7 6. Nc3 Nf6 7. f3 O-O 8.
Qd2 d5 9. exd5 Nxd5 10. Nxc6 bxc6 11. Bd4 e5 12. Bc5 Re8 13. Be2 Qh4+ 14. Bf2
Qb4 15. Rb1 Nxc3 16. Qxc3 Qxc3+ 17. bxc3 Bf5 18. Rb2 Rab8 19. Rxb8 Rxb8 20. Bd1
Rb2 21. Bxa7 Rxa2 22. Bc5 Bxc2 23. O-O Bf8 24. Bf2 Bxd1 25. Rxd1 Ra5 26. Be1
Rd5 27. Rb1 Kg7 28. Kf1 Kf6 29. Rb6 Rc5 30. Ra6 Ke6 31. Ra7 Bg7 32. Ra3 Bh6 33.
Rb3 Rb5 34. Ra3 Bc1 35. Ra8 Ke7 36. Ra7+ Kf6 37. Ra6 Rc5 38. Rb6 h5 39. Ke2 Ke6
40. Kd3 Kd6 41. c4 Kc7 42. Ra6 Kb7 43. Ra1 Bg5 44. Bf2 Be7 45. Bxc5 Bxc5 46. h3
f6 47. g4 h4 48. Ke4 Bd6 49. Rc1 Kc8 50. c5 Bc7 51. Ra1 Kb7 52. Kd3 Kb8 53. f4
exf4 54. Re1 Be5 55. Ke4 Bc7 56. Re2 Kc8 57. Rb2 Kd8 58. Rb3 1/2-1/2

[Event "DEM U14w 2005"]
[Site "Willingen GER"]
[Date "2005.05.17"]
[Round "5"]
[White "Gahn, Juliane"]
[Black "Mertens, Pauline"]
[Result "1/2-1/2"]
[Termination "normal"]
[Board "6"]
[WhiteElo "1606"]
[BlackElo "1505"]
[PlyCount "41"]
[BlackFideId "24671959"]
[EventCountry "GER"]
[EventRounds "9"]
[EventType "swiss"]
[EventDate "2005.05.15"]

1. e4 c5 2. Nf3 d6 3. d4 cxd4 4. Nxd4 Nf6 5. Nc3 a6 6. Be2 e5 7. Nb3 Be6 8. O-O
Nbd7 9. Kh1 Be7 10. f4 O-O 11. Be3 Qc7 12. Qe1 b5 13. a3 Nc5 14. Nxc5 dxc5 15.
f5 Bc8 16. Qg3 Rd8 17. Bh6 Bf8 18. Bg5 Be7 19. Bh6 Bf8 20. Bg5 Be7 21. Bh6
1/2-1/2

[Event "DEM U14w 2005"]
[Site "Willingen GER"]
[Date "2005.05.17"]
[Round "5"]
[White "Billing, Tanja"]
[Black "Kickert, Germaine-Helene"]
[Result "1/2-1/2"]
[Termination "normal"]
[Board "7"]
[WhiteElo "1524"]
[BlackElo "1920"]
[PlyCount "36"]
[WhiteFideId "24647993"]
[BlackFideId "24614890"]
[EventCountry "GER"]
[EventRounds "9"]
[EventType "swiss"]
[EventDate "2005.05.15"]

1. c4 e5 2. Nc3 Nc6 3. g3 g6 4. Bg2 Bg7 5. e3 d6 6. Nge2 f5 7. O-O Nf6 8. d4
exd4 9. exd4 O-O 10. Rb1 a5 11. a3 Qe8 12. Re1 Qf7 13. Bg5 Ne4 14. Nxe4 fxe4
15. Be3 Qxc4 16. Bxe4 Bf5 17. b3 Qf7 18. Nc3 Bxe4 1/2-1/2

[Event "DEM U14w 2005"]
[Site "Willingen GER"]
[Date "2005.05.17"]
[Round "5"]
[White "Bakalarz, Janet"]
[Black "van Orsouw, Svenja"]
[Result "1/2-1/2"]
[Termination "normal"]
[Board "8"]
[WhiteElo "1399"]
[BlackElo "1421"]
[PlyCount "46"]
[BlackFideId "24677124"]
[EventCountry "GER"]
[EventRounds "9"]
[EventType "swiss"]
[EventDate "2005.05.15"]

1. e4 c5 2. Nf3 Nc6 3. d4 cxd4 4. Nxd4 Nf6 5. Nc3 e5 6. Ndb5 d6 7. Bd3 a6 8.
Na3 b5 9. Nd5 Nxd5 10. exd5 Ne7 11. O-O f5 12. c3 g6 13. Bg5 Bg7 14. Re1 h6 15.
Bxe7 Qxe7 16. Nc2 O-O 17. Nd4 Qb7 18. Ne6 Bxe6 19. dxe6 Qe7 20. Bc2 Kh7 21. Bb3
Rad8 22. Bd5 Qc7 23. a4 Rb8 1/2-1/2

[Event "DEM U14w 2005"]
[Site "Willingen GER"]
[Date "2005.05.17"]
[Round "5"]
[White "Becher, Anne"]
[Black "Backer, Julia"]
[Result "1/2-1/2"]
[Termination "normal"]
[Board "9"]
[WhiteElo "1454"]
[BlackElo "1533"]
[PlyCount "35"]
[EventCountry "GER"]
[EventRounds "9"]
[EventType "swiss"]
[EventDate "2005.05.15"]

1. d4 d5 2. e3 Nf6 3. Bd3 e6 4. Nd2 b6 5. f4 Ba6 6. Bxa6 Nxa6 7. c3 Nb8 8. Ngf3
Bd6 9. Ne5 Nbd7 10. Nc6 Qc8 11. Qa4 O-O 12. Nf3 Qb7 13. Nfe5 Nb8 14. Nxb8 Qxb8
15. g4 Qd8 16. h3 Ne4 17. g5 f6 18. gxf6 1/2-1/2

[Event "DEM U14w 2005"]
[Site "Willingen GER"]
[Date "2005.05.17"]
[Round "5"]
[White "Herbold, Nora Elise Marina"]
[Black "Penne, Bo"]
[Result "1/2-1/2"]
[Termination "normal"]
[Board "10"]
[WhiteElo "1484"]
[BlackElo "1459"]
[PlyCount "162"]
[WhiteFideId "4624548"]
[BlackFideId "24642193"]
[EventCountry "GER"]
[EventRounds "9"]
[EventType "swiss"]
[EventDate "2005.05.15"]

1. e4 c6 2. d4 d5 3. Nc3 dxe4 4. Nxe4 Bf5 5. Ng3 Bg6 6. Nf3 Nd7 7. h4 h6 8. h5
Bh7 9. Bd3 Bxd3 10. Qxd3 Qc7 11. Bd2 e6 12. O-O-O O-O-O 13. Ne4 Ngf6 14. g3
Nxe4 15. Qxe4 Nf6 16. Qe2 Bd6 17. Rh4 Rhe8 18. c4 Qe7 19. Ne5 Kb8 20. Kb1 Ka8
21. Ba5 Bc7 22. Bc3 Nd7 23. Nxd7 Qxd7 24. Rg4 f6 25. Re4 e5 26. d5 cxd5 27.
Rxd5 Qc6 28. Qd3 Bb6 29. Rg4 Rxd5 30. Qxd5 Qc7 31. f3 Qe7 32. Qe4 Qd7 33. Qd5
Qe7 34. Qb5 Rc8 35. Kc2 Qf7 36. Qd5 Qe7 37. b4 Rd8 38. Qb5 Bc7 39. c5 a6 40.
Qc4 Qd7 41. Kb3 Qd1+ 42. Kb2 Qxf3 43. Rxg7 Kb8 44. Rg6 Qxh5 45. Rxf6 Qh2+ 46.
Kb3 Qxg3 47. Rxh6 Qg1 48. Qe2 Qb1+ 49. Qb2 Qd1+ 50. Qc2 Qd5+ 51. Ka3 e4 52. Qb3
Qg5 53. Re6 Rd3 54. Kb2 Qg2+ 55. Qc2 Qg4 56. Re8+ Ka7 57. a4 Qg6 58. Re7 Qc6
59. Qb3 Bd8 60. Re6 Qd7 61. Rxe4 Bf6 62. Rc4 Rd2+ 63. Kc1 Rd3 64. Qc2 Bxc3 65.
Rxc3 Rxc3 66. Qxc3 Qxa4 67. Kb2 Kb8 68. Qb3 Qb5 69. Kc3 Kc7 70. Qf7+ Kc8 71.
Qe6+ Kc7 72. Qe4 Kc8 73. Qd4 Kc7 74. Kd2 Qa4 75. Ke3 Qb3+ 76. Ke4 Qb1+ 77. Ke5
Qe1+ 78. Qe4 Qa1+ 79. Kf5 Qf1+ 80. Ke6 Qh3+ 81. Kd5 Qb3+ 1/2-1/2

[Event "DEM U14w 2005"]
[Site "Willingen GER"]
[Date "2005.05.17"]
[Round "5"]
[White "Müller, Anna-Louise"]
[Black "Kinzel, Tiffany"]
[Result "1-0"]
[Termination "normal"]
[Board "11"]
[WhiteElo "1381"]
[BlackElo "1265"]
[PlyCount "67"]
[WhiteFideId "4633512"]
[BlackFideId "4633741"]
[EventCountry "GER"]
[EventRounds "9"]
[EventType "swiss"]
[EventDate "2005.05.15"]

1. e4 c5 2. Nf3 d6 3. d4 cxd4 4. Nxd4 Nf6 5. Nc3 a6 6. Be3 e5 7. Nb3 Be6 8. Qd2
Be7 9. O-O-O O-O 10. f3 Nbd7 11. g4 Rc8 12. Kb1 b5 13. g5 Ne8 14. h4 Nb6 15.
Bxb6 Qxb6 16. Bh3 Ra8 17. h5 Nc7 18. g6 h6 19. gxf7+ Bxf7 20. Nd5 Bxd5 21. exd5
Rxf3 22. Be6+ Nxe6 23. dxe6 Rff8 24. Rhg1 Kh7 25. Qd3+ Kh8 26. Qg6 Bg5 27. e7
Rfe8 28. Rxg5 hxg5 29. h6 Rxe7 30. Rh1 Kg8 31. Qh5 Rf8 32. hxg7 Kxg7 33. Qxg5+
Kf7 34. Rh7+ 1-0

[Event "DEM U14w 2005"]
[Site "Willingen GER"]
[Date "2005.05.17"]
[Round "5"]
[White "Knof, Henrike"]
[Black "Schultheiß, Vera"]
[Result "1/2-1/2"]
[Termination "normal"]
[Board "12"]
[WhiteElo "1068"]
[BlackElo "1115"]
[PlyCount "76"]
[EventCountry "GER"]
[EventRounds "9"]
[EventType "swiss"]
[EventDate "2005.05.15"]

1. e4 e5 2. Nf3 Nc6 3. Bb5 d6 4. h3 Bd7 5. d3 Nf6 6. Bg5 h6 7. Be3 a6 8. Ba4
Ne7 9. Bxd7+ Qxd7 10. Nbd2 Ng6 11. c3 Nf4 12. Bxf4 exf4 13. O-O g5 14. e5 dxe5
15. Nxe5 Qf5 16. Re1 Be7 17. Qe2 Ng8 18. Qf3 O-O-O 19. a4 Bd6 20. Ndc4 Bxe5 21.
Nxe5 Rh7 22. b4 f6 23. g4 Qe6 24. Nc4 Qd5 25. Qxd5 Rxd5 26. d4 Re7 27. Rxe7
Nxe7 28. Re1 Kd7 29. Kg2 b5 30. Nb2 f5 31. Rh1 fxg4 32. hxg4 Ng8 33. a5 Rd6 34.
Nd3 Kc8 35. Re1 Nf6 36. Kf3 Rc6 37. Nc5 Kd8 38. Rc1 Ke7 1/2-1/2

[Event "DEM U14w 2005"]
[Site "Willingen GER"]
[Date "2005.05.17"]
[Round "5"]
[White "Stein, Simone"]
[Black "Häcker, Katrin"]
[Result "1-0"]
[Termination "normal"]
[Board "13"]
[WhiteElo "1136"]
[BlackElo "1388"]
[PlyCount "91"]
[WhiteFideId "24692875"]
[BlackFideId "24667986"]
[EventCountry "GER"]
[EventRounds "9"]
[EventType "swiss"]
[EventDate "2005.05.15"]

1. e4 e5 2. Nf3 Nc6 3. Nc3 Nf6 4. Bc4 Nxe4 5. Bxf7+ Kxf7 6. Nxe4 d5 7. Neg5+
Kg8 8. d3 h6 9. Nh3 Kh7 10. d4 e4 11. Ne5 Nxe5 12. dxe5 Bc5 13. O-O c6 14. Qh5
Bxh3 15. Qxh3 Qc8 16. Qxc8 Raxc8 17. g3 Rhe8 18. Bf4 g5 19. Be3 Rxe5 20. Bxc5
b6 21. Be3 c5 22. c3 Rd8 23. Rad1 Kg6 24. f4 exf3 25. Rxf3 g4 26. Bf4 gxf3 27.
Bxe5 Kf5 28. Bf4 h5 29. Kf2 Kg4 30. Rd3 d4 31. cxd4 cxd4 32. Be5 Kf5 33. Rxd4
Rc8 34. Bf4 Re8 35. Kxf3 Re1 36. Rd7 Rb1 37. b3 Rb2 38. Rd2 Rb1 39. h4 Rf1+ 40.
Ke2 Rh1 41. Kf2 Rh2+ 42. Kg1 Rxd2 43. Bxd2 Kg4 44. Kf2 a6 45. Bf4 b5 46. Ke3
1-0

[Event "DEM U14w 2005"]
[Site "Willingen GER"]
[Date "2005.05.18"]
[Round "6"]
[White "Winkelmann, Elena"]
[Black "Remy, Janina"]
[Result "1-0"]
[Termination "normal"]
[Board "1"]
[WhiteElo "2031"]
[BlackElo "1720"]
[PlyCount "113"]
[WhiteFideId "24607630"]
[BlackFideId "24627348"]
[EventCountry "GER"]
[EventRounds "9"]
[EventType "swiss"]
[EventDate "2005.05.15"]

1. d4 Nf6 2. c4 g6 3. f3 d5 4. cxd5 Nxd5 5. e4 Nb6 6. Nc3 Bg7 7. Be3 e5 8. d5
c6 9. Qd2 cxd5 10. exd5 O-O 11. h4 f5 12. Bg5 Bf6 13. O-O-O Na6 14. Nh3 Bd7 15.
h5 gxh5 16. Bh6 Bg7 17. Bxg7 Kxg7 18. Ng5 Kg6 19. Bxa6 Qxg5 20. Qxg5+ Kxg5 21.
Bxb7 Rad8 22. Ba6 Rf7 23. g3 Be8 24. Rhe1 Kf6 25. Kc2 Rg7 26. Rg1 Rc7 27. Kb1
Nc4 28. Bxc4 Rxc4 29. Rd2 Rd4 30. Rgd1 Rxd2 31. Rxd2 Rd6 32. Kc2 a6 33. b4 Rd8
34. a4 e4 35. fxe4 fxe4 36. Nxe4+ Ke5 37. Nc3 Bf7 38. b5 axb5 39. axb5 Kd6 40.
Rf2 Rd7 41. Rd2 Kc5 42. Kb3 Bg6 43. d6 Bf7+ 44. Kb2 Bg6 45. Rd5+ Kc4 46. Rd2
Kc5 47. Rd1 Rxd6 48. Na4+ Kxb5 49. Rxd6 Kxa4 50. Kc3 Kb5 51. Kd4 Bb1 52. Ke5
Kc5 53. Rd2 Kc4 54. Rd8 Bg6 55. Kf6 Kc5 56. Kg5 Kc6 57. Kh6 1-0

[Event "DEM U14w 2005"]
[Site "Willingen GER"]
[Date "2005.05.18"]
[Round "6"]
[White "Lorenz, Nicole"]
[Black "Hannes, Diana"]
[Result "0-1"]
[Termination "normal"]
[Board "2"]
[WhiteElo "1761"]
[BlackElo "1922"]
[PlyCount "52"]
[WhiteFideId "24623709"]
[BlackFideId "24611344"]
[EventCountry "GER"]
[EventRounds "9"]
[EventType "swiss"]
[EventDate "2005.05.15"]

1. e4 c5 2. Nf3 Nc6 3. d4 cxd4 4. Nxd4 Nf6 5. Nc3 e5 6. Ndb5 d6 7. Bg5 a6 8.
Bxf6 gxf6 9. Na3 b5 10. Nd5 f5 11. Bxb5 axb5 12. Nxb5 Ra4 13. b4 Rxb4 14. O-O
Rxb5 15. a4 Rb7 16. exf5 Qg5 17. a5 Rg8 18. Ne3 Bxf5 19. Qd5 Rc7 20. a6 Bd7 21.
Rfb1 Ke7 22. Rb7 Rxb7 23. axb7 Bh6 24. Ra6 Qg6 25. Rxc6 Bxe3 26. Rc7 Bb6 0-1

[Event "DEM U14w 2005"]
[Site "Willingen GER"]
[Date "2005.05.18"]
[Round "6"]
[White "Smolkina, Milana"]
[Black "Frey, Alisa"]
[Result "1-0"]
[Termination "normal"]
[Board "4"]
[WhiteElo "1709"]
[BlackElo "1495"]
[PlyCount "51"]
[WhiteFideId "24618780"]
[BlackFideId "24634662"]
[EventCountry "GER"]
[EventRounds "9"]
[EventType "swiss"]
[EventDate "2005.05.15"]

1. e4 e5 2. Nf3 Nc6 3. Bb5 a6 4. Ba4 Nf6 5. d3 b5 6. Bb3 Bc5 7. Nc3 O-O 8. Nd5
Nxd5 9. Bxd5 Re8 10. O-O Rb8 11. Ng5 Re6 12. Nxe6 fxe6 13. Bxc6 dxc6 14. Qh5
Bd6 15. f4 exf4 16. Bxf4 Bd7 17. Bxd6 cxd6 18. Qf7+ Kh8 19. Rf3 Qe8 20. Raf1 g6
21. Rh3 Qxf7 22. Rxf7 Be8 23. Rfxh7+ Kg8 24. Rh8+ Kf7 25. R3h7+ Kf6 26. Rf8+
1-0

[Event "DEM U14w 2005"]
[Site "Willingen GER"]
[Date "2005.05.18"]
[Round "6"]
[White "Karmann, Anna"]
[Black "Döring, Julia"]
[Result "1-0"]
[Termination "normal"]
[Board "5"]
[WhiteElo "1639"]
[BlackElo "1454"]
[PlyCount "101"]
[WhiteFideId "24648000"]
[EventCountry "GER"]
[EventRounds "9"]
[EventType "swiss"]
[EventDate "2005.05.15"]

1. c4 Nf6 2. Nc3 e5 3. g3 Bb4 4. Nd5 Nxd5 5. cxd5 O-O 6. Bg2 d6 7. Nf3 Bf5 8.
Qb3 Bc5 9. d3 Bb6 10. O-O Qd7 11. a4 a5 12. Be3 Ra6 13. Rfc1 Bxe3 14. fxe3 Rb6
15. Qc3 Rc8 16. Nd2 Ra6 17. Nc4 b6 18. Qb3 Bh3 19. Bf3 Qd8 20. Na3 Ra8 21. Nb5
Na6 22. d4 exd4 23. exd4 Qg5 24. Rc3 h5 25. Bg2 Bxg2 26. Kxg2 Qf5 27. Rac1 Qe4+
28. Kf2 Qe7 29. Rf3 g5 30. Qd3 Qd7 31. Qf5 Qe7 32. e4 Rd8 33. Kg2 Rf8 34. h4 f6
35. Qg6+ Qg7 36. Qxg7+ Kxg7 37. Nxc7 Nxc7 38. Rxc7+ Kg6 39. hxg5 Kxg5 40. Rf5+
Kg6 41. Rc6 Rae8 42. Kf3 Rd8 43. Rxb6 Rf7 44. Rb5 Ra7 45. Ke3 Ra6 46. Rf1 Kg5
47. Rb7 Kg6 48. Rc1 f5 49. Rc6 Raa8 50. e5 f4+ 51. Kxf4 1-0

[Event "DEM U14w 2005"]
[Site "Willingen GER"]
[Date "2005.05.18"]
[Round "6"]
[White "Kickert, Germaine-Helene"]
[Black "Bakalarz, Janet"]
[Result "1-0"]
[Termination "normal"]
[Board "6"]
[WhiteElo "1920"]
[BlackElo "1399"]
[PlyCount "83"]
[WhiteFideId "24614890"]
[EventCountry "GER"]
[EventRounds "9"]
[EventType "swiss"]
[EventDate "2005.05.15"]

1. e4 c5 2. Nf3 Nc6 3. d4 cxd4 4. Nxd4 Nf6 5. Nc3 e6 6. Nxc6 bxc6 7. e5 Nd5 8.
Ne4 Qa5+ 9. Bd2 Qb6 10. Bc1 Ba6 11. Bxa6 Qxa6 12. Qe2 Qa5+ 13. c3 Be7 14. O-O
O-O 15. Rd1 Rad8 16. Qf3 Nb6 17. Qg3 Kh8 18. Be3 Nc4 19. b4 Qc7 20. f4 d5 21.
exd6 Bxd6 22. Nxd6 Nxd6 23. f5 Rfe8 24. Bc5 Nb5 25. Qxc7 Nxc7 26. Bxa7 Nb5 27.
Rxd8 Rxd8 28. Bb6 Rd3 29. fxe6 fxe6 30. a4 Nxc3 31. a5 Nd5 32. Bc5 Nc7 33. Rf1
Rd8 34. Bb6 Re8 35. Bxc7 g6 36. a6 Ra8 37. Ra1 Ra7 38. Bb6 Ra8 39. a7 Kg8 40.
Rd1 Kf7 41. Rd8 Rxd8 42. Bxd8 1-0

[Event "DEM U14w 2005"]
[Site "Willingen GER"]
[Date "2005.05.18"]
[Round "6"]
[White "Backer, Julia"]
[Black "Gahn, Juliane"]
[Result "1/2-1/2"]
[Termination "normal"]
[Board "7"]
[WhiteElo "1533"]
[BlackElo "1606"]
[PlyCount "47"]
[EventCountry "GER"]
[EventRounds "9"]
[EventType "swiss"]
[EventDate "2005.05.15"]

1. e4 c5 2. Nf3 e6 3. d4 cxd4 4. Nxd4 a6 5. Nc3 Qc7 6. Bd3 Nf6 7. O-O b5 8. e5
Qxe5 9. Qf3 d5 10. Nf5 Qc7 11. Re1 Bb7 12. Bf4 Qd7 13. Qe2 Nc6 14. Rad1 g6 15.
Be5 Nxe5 16. Qxe5 Qd8 17. Nxb5 gxf5 18. Nc7+ Kd7 19. Nxa8 Bxa8 20. Bxa6 Bc6 21.
c4 Bd6 22. cxd5 Nxd5 23. Qd4 Qb8 24. Qg7 1/2-1/2

[Event "DEM U14w 2005"]
[Site "Willingen GER"]
[Date "2005.05.18"]
[Round "6"]
[White "Penne, Bo"]
[Black "Billing, Tanja"]
[Result "1-0"]
[Termination "normal"]
[Board "9"]
[WhiteElo "1459"]
[BlackElo "1524"]
[PlyCount "145"]
[WhiteFideId "24642193"]
[BlackFideId "24647993"]
[EventCountry "GER"]
[EventRounds "9"]
[EventType "swiss"]
[EventDate "2005.05.15"]

1. e4 c5 2. Nf3 d6 3. d4 cxd4 4. Nxd4 Nf6 5. Nc3 g6 6. f3 Bg7 7. Be3 O-O 8. Be2
Nc6 9. O-O Qb6 10. Na4 Qa5 11. Nxc6 bxc6 12. Nc3 Be6 13. Qc1 Rfb8 14. a3 c5 15.
Rb1 Rb7 16. Bd2 Rab8 17. Kh1 Ne8 18. Nd5 Qa4 19. b3 Qc6 20. Ne3 d5 21. exd5
Bxd5 22. Nxd5 Qxd5 23. Bc4 Qc6 24. Bf4 e5 25. Be3 Nd6 26. Be2 c4 27. Qd1 a5 28.
h3 Bf8 29. a4 f5 30. Kh2 Kh8 31. Rb2 cxb3 32. cxb3 Qc3 33. Qd2 Qxd2 34. Bxd2
Rxb3 35. Rxb3 Rxb3 36. Bxa5 Ra3 37. Bd1 Nc4 38. Bc7 Bg7 39. Bc2 Ne3 40. Rb1 h5
41. Bb3 e4 42. fxe4 fxe4 43. Bd6 Ra1 44. Rxa1 Bxa1 45. Bc5 Be5+ 46. Kg1 Nf5 47.
a5 e3 48. Bd1 Nd4 49. Kf1 Nc6 50. a6 Bb8 51. Bxe3 Kg7 52. Ba4 Na7 53. Ke2 Kf6
54. Kf3 Ke7 55. h4 Ke6 56. Bb3+ Kf5 57. Bc2+ Kf6 58. Ba4 Ke7 59. Bc5+ Kf6 60.
Bd7 Kf7 61. g4 hxg4+ 62. Kxg4 Kg7 63. Kg5 Kf7 64. Bd4 Ke7 65. Ba4 Nc8 66. Kxg6
Kd6 67. Bf2 Ne7+ 68. Kf6 Nd5+ 69. Kf7 Kc7 70. a7 Bxa7 71. Bxa7 Kd6 72. Bb8+ Kc5
73. h5 1-0